| 000 | 00382nam a2200145 4500 | ||
|---|---|---|---|
| 020 | _a9788120329973 | ||
| 082 | _a621.31042 BAN | ||
| 100 | _aBandyopadhyay, M.N. | ||
| 245 | _aElectrical Machines: theory and practice | ||
| 260 |
_aNew Delhi, India _bPHI Learning Ltd. |
||
| 300 |
_axvi, 498 p. _bill. ; |
||
| 500 | _aIncludes index. | ||
| 650 | _aElectric machinery. | ||
| 942 | _cBK | ||
| 999 |
_c12313 _d12313 |
||